| 000 | 00565nam a22001577a 4500 | ||
|---|---|---|---|
| 003 | NUST | ||
| 038 | _aNusrat Nadeem | ||
| 082 | _a200 | ||
| 100 |
_aMurad, Didar _9133417 |
||
| 245 |
_aModeling and Analysis of SARS-CoV-2-Induced Complement and Hemostatic Systems Using Computational Approaches/ _cDidar Murad, |
||
| 264 |
_aIslamabad: _bSINES NUST _c2025. |
||
| 650 |
_aPhD-Computation Science & Engineering _9123855 |
||
| 700 |
_aSupervisor: Dr. Rehan Zafar Paracha _9123765 |
||
| 856 | _uhttp://10.250.8.41:8080/xmlui/handle/123456789/56305 | ||
| 942 |
_2ddc _cSC |
||
| 999 |
_c616370 _d616370 |
||